Livestock and poultry production / (Record no. 129053)
[ view plain ]
| 000 -LEADER | |
|---|---|
| fixed length control field | 00740nam a22002417a 4500 |
| 005 - DATE AND TIME OF LATEST TRANSACTION | |
| control field | 20170124110050.0 |
| 010 ## - LIBRARY OF CONGRESS CONTROL NUMBER | |
| LC control number | A-408324 |
| 020 ## - INTERNATIONAL STANDARD BOOK NUMBER | |
| Terms of availability | 15.00 |
| 035 ## - SYSTEM CONTROL NUMBER | |
| System control number | A-408324 |
| 037 ## - SOURCE OF ACQUISITION | |
| Source of stock number/acquisition | Cen Lib/Ret |
| 040 ## - CATALOGING SOURCE | |
| Original cataloging agency | DPL |
| Language of cataloging | EN |
| 082 ## - DEWEY DECIMAL CLASSIFICATION NUMBER | |
| Classification number | 636.5 |
| Item number | HAR |
| 100 ## - MAIN ENTRY--PERSONAL NAME | |
| Personal name | Harbans Singh |
| 9 (RLIN) | 12056 |
| 245 ## - TITLE STATEMENT | |
| Title | Livestock and poultry production / |
| Statement of responsibility, etc | by Harbans Singh [and] Earl N. Moore |
| 260 ## - PUBLICATION, DISTRIBUTION, ETC. (IMPRINT) | |
| Place of publication, distribution, etc | New Delhi |
| Name of publisher, distributor, etc | Prentice-Hall of India |
| Date of publication, distribution, etc | 1972 |
| 270 ## - ADDRESS | |
| City | New Delhi |
| Address | M-97, Cannaught Circus |
| Postal code | 110001 |
| 300 ## - PHYSICAL DESCRIPTION | |
| Extent | viii,622p. : |
| Dimensions | 22cm(Hb) |
| Other physical details | col.ill. |
| 500 ## - GENERAL NOTE | |
| General note | Includes index |
| 650 ## - SUBJECT ADDED ENTRY--TOPICAL TERM | |
| Topical term or geographic name as entry element | Livestock production |
| 9 (RLIN) | 25230 |
| 650 ## - SUBJECT ADDED ENTRY--TOPICAL TERM | |
| Topical term or geographic name as entry element | Poultry production |
| 9 (RLIN) | 25231 |
| 700 ## - ADDED ENTRY--PERSONAL NAME | |
| Personal name | Moore, Earl N. |
| 9 (RLIN) | 25232 |
| 942 ## - ADDED ENTRY ELEMENTS (KOHA) | |
| Source of classification or shelving scheme | Dewey Decimal Classification |
| Koha item type | English Books |
| Classification part | 636.5 |
| Call number suffix | HAR |
| Withdrawn status | Lost status | Damaged status | Not for loan | Home library | Current library | Date acquired | Source of acquisition | Cost, normal purchase price | Total Checkouts | Full call number | Barcode | Date last seen | Copy number | Cost, replacement price | Price effective from | Koha item type | Public note |
|---|---|---|---|---|---|---|---|---|---|---|---|---|---|---|---|---|---|
| Written off | Central Library | Central Library | 04/07/2015 | Cen Lib/Ret | 15.00 | 636.5 HAR | A-408324 | 04/07/2015 | 1 | 15.00 | 04/07/2015 | English Books | W/d List No.-3301/11 |
